| 000 | 00979cam a22001935a 4500 | ||
|---|---|---|---|
| 001 | L137477 | ||
| 008 | 070410s2007 xxk f 000 0 eng d | ||
| 035 | _a(Sirsi) u137477 | ||
| 041 | 0 | _aeng | |
| 100 | 1 | _aMcIntosh, Angus | |
| 245 | 0 | 0 | _aUpside for European property investment |
| 260 | _c2007 | ||
| 490 | 0 |
_aProperty Forecast _vMarch 2007, 2-5(4) |
|
| 520 | _aPredicts a robust property investment market despite a perceived consensus that total returns will not be as good as the last two years. Discusses rental growth projections, yield changes and capital growth, and unattractive markets. Graphs compare projected property investment returns in 2007 with 2006, the top market opportunities in 2007, rental growth projections in growth markets, property investment yield projections in growth markets and the perceived worst markets in 2007. | ||
| 590 | _aKA | ||
| 651 | 4 | _aEUROPE | |
| 690 | _aPROPERTY-COMMERCIAL PROPERTY-COMMERCIAL PROPERTY MARKET | ||
| 942 | _n0 | ||
| 999 |
_c106795 _d106795 |
||